000 00620nam a2200241Ia 4500
003 OSt
005 20221007071056.0
006 a|||||r|||| 00| 0
007 ta
008 221006b |||||||| |||| 00| 0 eng d
024 _a21,523
037 _cTextual
040 _aFLL
_cFLL
_beng
041 _2eng
_aeng
082 _aZ2:83, H3
100 _aHaque Abdul
_9593290
245 0 _aThe Indian stamp act, 1899
250 _a2nd
260 _aLahore
_bPublished by the Author Pakistan
_c1943
300 _axvi,418p
_ccm.
942 _hZ2:83, H3
_cTEXL
_2CC
999 _c1142373
_d1142373